<?xml version="1.0" encoding="UTF-8"?>
<record
    xmlns:xsi="http://www.w3.org/2001/XMLSchema-instance"
    xsi:schemaLocation="http://www.loc.gov/MARC21/slim http://www.loc.gov/standards/marcxml/schema/MARC21slim.xsd"
    xmlns="http://www.loc.gov/MARC21/slim">

  <leader>01974nam a22001937a 4500</leader>
  <controlfield tag="008">121115t        xxu||||| |||| 00| 0 eng d</controlfield>
  <datafield tag="020" ind1=" " ind2=" ">
    <subfield code="a">0324185685</subfield>
  </datafield>
  <datafield tag="050" ind1=" " ind2=" ">
    <subfield code="a">HF5635.P834</subfield>
  </datafield>
  <datafield tag="100" ind1=" " ind2=" ">
    <subfield code="a">Porter, Gary A.</subfield>
  </datafield>
  <datafield tag="245" ind1=" " ind2=" ">
    <subfield code="a">Financial accounting: the impact on decision makers. /</subfield>
    <subfield code="c">Gary A. Porter and Curtis L. Norton</subfield>
  </datafield>
  <datafield tag="250" ind1=" " ind2=" ">
    <subfield code="a">4th ed.</subfield>
  </datafield>
  <datafield tag="260" ind1=" " ind2=" ">
    <subfield code="a">U.K:</subfield>
    <subfield code="b">Thomson South-Western,</subfield>
    <subfield code="c">c2004.</subfield>
  </datafield>
  <datafield tag="300" ind1=" " ind2=" ">
    <subfield code="a">xxxiii, 743 p.:</subfield>
    <subfield code="b">ill.;</subfield>
    <subfield code="c">28cm.</subfield>
  </datafield>
  <datafield tag="500" ind1=" " ind2=" ">
    <subfield code="a">Includes index.</subfield>
  </datafield>
  <datafield tag="505" ind1=" " ind2=" ">
    <subfield code="a">Contents: The Accounting model: Getting started in business -- Accounting as a form of communication -- Financial statements and the annual report -- Processing accounting information information -- Income measurement and accrual accounting -- Appendix: Accounting tools: work sheets -- Accounting for assets: Merchandise accounting and internal control -- Appendix: Accounting tools: internal control for merchandising company -- Inventories and cost of goods sold -- Appendix: Accounting tools: inventory costing methods using a perpetual inventory system -- Cash, investments, and receivables -- Operating assets: property, plant, and equipment, natural resources, and intangibles -- Accounting for liabilities and owners equity: Current liabilities, contingencies, and the time value of money -- Appendix A: Accounting tools: payroll accounting -- Appendix B: Accounting tools: using excel for problems involving interest calculations -- Long-term liabilities -- Appendix: Accounting tools: other liabilities -- Stockholders' equity -- Additional topics in financial reporting: The Statement of cash flows -- Appendix: Accounting tools: a work-sheet approach to the statement of cash flows -- Financial statement analysis -- Appendix: Accounting tools: reporting and analyzing other income statement items -- Appendix A: Winnebago industries annual report -- Appendix B: Monaco coach corporation annual report.</subfield>
  </datafield>
  <datafield tag="650" ind1=" " ind2=" ">
    <subfield code="b">Accounting.</subfield>
  </datafield>
  <datafield tag="700" ind1=" " ind2=" ">
    <subfield code="a">Norton, Curtis L.</subfield>
  </datafield>
  <datafield tag="942" ind1=" " ind2=" ">
    <subfield code="2">lcc</subfield>
    <subfield code="c">BK</subfield>
  </datafield>
  <datafield tag="999" ind1=" " ind2=" ">
    <subfield code="c">2519</subfield>
    <subfield code="d">10019</subfield>
  </datafield>
  <datafield tag="952" ind1=" " ind2=" ">
    <subfield code="0">0</subfield>
    <subfield code="1">0</subfield>
    <subfield code="2">lcc</subfield>
    <subfield code="4">0</subfield>
    <subfield code="7">0</subfield>
    <subfield code="a">WIUC-1</subfield>
    <subfield code="b">WIUC-1</subfield>
    <subfield code="c">REF</subfield>
    <subfield code="d">2012-11-15</subfield>
    <subfield code="l">0</subfield>
    <subfield code="o">HF5635.P834</subfield>
    <subfield code="p">6771/12</subfield>
    <subfield code="r">2012-11-15 00:00:00</subfield>
    <subfield code="w">2012-11-15</subfield>
    <subfield code="y">BK</subfield>
  </datafield>
</record>
